| 000 | 00490nam a22001817a 4500 | ||
|---|---|---|---|
| 008 | 170620b xxu||||| |||| 00| m tur d | ||
| 020 | _a9753042590 | ||
| 041 | _atur | ||
| 050 | _aPL248.D4505 | ||
| 100 |
_9376 _aFikret Demirağ |
||
| 245 |
_aAdamın Sahilinde _cFikret Demirağ |
||
| 250 | _a1. baskı | ||
| 260 |
_aİstanbul _bDünya Yayıncılık _cKasım 2005 |
||
| 300 | _a207 sayfa | ||
| 500 | _aDünya Kitapları 373; Şiir 13 | ||
| 650 | 0 |
_9145 _aTürk Edebiyatı |
|
| 942 |
_2lcc _cBK |
||
| 999 |
_c390 _d385 |
||